000 00628nam a2200229Ia 4500
003 OSt
005 20221005120410.0
006 a|||||r|||| 00| 0
007 ta
008 221004b |||||||| |||| 00| 0 eng d
024 _a55708
037 _cTextual
040 _aCRL
_cCRL
_beng
041 _2eng
_aeng
082 _aV2:10X:03, K6-;5
100 _aAdhya G L
245 0 _aEarly Indian economics
_b Studies in the economic life of Northern and Western India 200 B C-300 A D
260 _c1966
650 _aHISTORY
942 _hV2:10X:03, K6-;5
_cTEXL
_2cc
999 _c1037845
_d1037845